000 00626nam a2200229Ia 4500
003 OSt
005 20220928123920.0
006 a|||||r|||| 00| 0
007 ta
008 220927b |||||||| |||| 00| 0 eng d
024 _a58135
037 _cTextual
040 _aSDCL
_cSDCL
_beng
041 _2eng
_aeng
082 _aV73,61'N7, L6
100 _aBryce Herrington J Ed.
_9462214
245 0 _aUrban Governance and minorities.
260 _aLondon
_bPraeager Publishers
_c1976
300 _axv,221p
_ccm.
942 _hV73,61'N7, L6
_cTEXL
_2CC
999 _c775214
_d775214